000 00471nam a2200169 i 4500
001 76710
003 ES-MaACL
005 20231204173114.0
007 t|
008 041004s1962 sp ||||1| spa d
100 1 _aGuillén, Jorge,
_d1893-1984
_960765
245 1 4 _aLas tentaciones de Antonio /
_cJorge Guillén.
260 _aSantander :
_b[s.n.],
_c1962.
300 _a33 p. ;
_c19 cm.
852 _aES-MaACL
_j2029-F-14
_bR.51281
999 _c76710
_d76710